Gaming Quiz

Random Gaming or Video Games Quiz
Score 0/108 Timer 12:00
0 Plays Today
Star Character % Correct
TenkaiLazlo
97.8%
TenfuChiepoo
94%
TenyuTal
93.3%
TensyoKeneth
93.1%
TenkoKika
92.8%
TengouLino En Kuldes
92.4%
TentaiJewel
92.4%
TenkouFlare En Kuldes
91.7%
TenanSnowe Vingerhut
91.3%
TenmanPaula
89.9%
ChibiDario
89.7%
ChiketsuJeane
88.8%
ChimouHervey
88.6%
TenkiElenor Silverberg
88.6%
TenkaiTed
88.6%
ChikiSigurd
88.4%
ChiinMitsuba
87%
ChikenNalleo
87%
TenjyuKatarina Cott
86.8%
ChikyouMizuki
86.6%
ChiyuLilen
85.7%
ChibakuReinhold
85.5%
ChitatsuViki
85.2%
ChiiLilan
85.2%
ChisatsuLilin
85%
ChiyuLilon
84.6%
ChisaLiloon
84.6%
ChikouAkaghi
84.1%
ChikeiRita
83.9%
TeniSelma
83.9%
ChiinLouise
83.7%
ChikakuChampo
83.2%
TenmouAxel
83.2%
ChifukuAgnes
83%
TeneiAldo
82.8%
ChiiGary
82.8%
Star Character % Correct
ChikouRene
82.3%
TenritsuRamada
82.1%
TensatsuGau
82.1%
ChitanNalkul
82.1%
ChisokuKate
81.4%
ChieiEma
81.4%
ChianHelmut
81.2%
TenrouRakgi
80.8%
TensokuCedric
79.9%
TenpaiLo Hak
79.9%
ChisouPam
79.9%
ChisuDesmond
79%
ChimanTov
78.3%
ChisyunNao
78.3%
ChibunMicky
78.3%
ChireiYu
77.9%
ChitouMao
77.9%
ChimeiAmeria
77.9%
ChiheiMaxine
77.9%
ChizenWarlock
77.9%
ChizenSetsu
77.9%
ChisinNico
77.6%
TenkenLo Seng
77.6%
ChizikuPablo
77.4%
ChihiTrishtan
77.4%
ChikeiKevin
77.2%
TensyoTravis
77.2%
ChikoAdrienne
77%
TensuiRikie
76.7%
ChikyouBartholomew
76.7%
ChikaiBang
76.5%
ChijyuCarrie
76.3%
TenheiShiramine
76.1%
ChisonBasil
76.1%
ChikaiTanya
76.1%
TenzaiLo Fong
75.8%
Star Character % Correct
ChikyuMillay
75.8%
ChisyuEugene
75.6%
TenkokuBrec
74.9%
TensonUgetsu
74.7%
ChitaiWendel
74.5%
TenbouJango
74%
ChihiOrnan
73.8%
TeniKeen
73.8%
ChiriNataly
73.4%
ChikuNoah
73.2%
ChizouPecola
72.5%
ChiyouPerrault
72.3%
TenkyuKonrad
72.3%
ChikouChadli
72%
TenyuRachel
72%
ChikatsuFrederica
71.8%
ChisatsuJeremy
70.9%
TenkiSchtolteheim Reinbach III
70.2%
ChichinCharlemagne
70.2%
TenkuHelga
69.6%
ChisuiPhil
69.4%
ChisyuFunghi
69.4%
TenbiGretchen
69.4%
ChiyuDeborah
67.8%
TenyuIzak
66.9%
ChidoIgor
65.8%
ChiakuKarl
65.8%
ChimouHaruto
64.4%
ChirakuEtienne
64.4%
ChiretsuTaisuke
63.1%
ChisouManu
62.4%
ChizokuOskar
61.1%
ChimaOleg
58.8%
ChiyuGareth
57.5%
ChisyuGunter
51.7%
ChiseiNabakov
51.2%

You're not logged in!

Compare scores with friends on all Sporcle quizzes.
OR
Log In

Sporcle TV

Today on Sporcle TV


Watch our educational content, quiz creation guides, and fun videos on Sporcle TV.

Show Comments

Extras

Top Quizzes Today


Score Distribution

Paid Content

Your Account Isn't Verified!

In order to create a playlist on Sporcle, you need to verify the email address you used during registration. Go to your Sporcle Settings to finish the process.

Report this User

Report this user for behavior that violates our Community Guidelines.

Details: